Cabinet of Donald Trump's Second Term - Statistics

General Stats
  • This quiz has been taken 1,763 times
    75 since last reset
  • The average score is 14 of 26
Answer Stats
Picture Hint Answer % Correct
President of the United States Donald Trump
100%
Vice President of the United States J.D. Vance
100%
Secretary of State Marco Rubio
98%
National Security Advisor (Acting) Marco Rubio
98%
Secretary of Defence Pete Hegseth
98%
Secretary of Health and Human Services Robert F. Kennedy Jr.
93%
Director of National Intelligence Tulsi Gabbard
78%
Secretary of the Treasury Scott Bessent
67%
Secretary of the Interior Doug Burgum
66%
Secretary of Homeland Security Markwayne Mullin
57%
Secretary of Education Linda McMahon
52%
Secretary of Commerce Howard Lutnick
50%
Chief of Staff Susie Wiles
50%
Attorney General* Todd Blanche
50%
Secretary of Transportation Sean Duffy
45%
Administrator of the Environmental Protection Agency Lee Zeldin
41%
Director of the Office of Management and Budget Russell Vought
38%
Secretary of Agriculture Brooke Rollins
34%
Secretary of Energy Chris Wright
33%
Secretary of Veterans Affairs Doug Collins
31%
Ambassador to the United Nations Michael Waltz
31%
Director of the Central Intelligence Agency John Ratcliffe
29%
Administrator of the Small Business Administration Kelly Loeffler
28%
United States Trade Representative Jamieson Greer
22%
Secretary of Housing and Urban Development Scott Turner
21%
Secretary of Labor* Keith Sonderling*
9%
No matching quizzes found
Score Distribution
Percent of People with Each Score
Percentile by Number Answered
Your Score History
You have not taken this quiz since the last reset